01369nam a2200277 a 450000500170000000800410001702000180005804100080007610000230008424501020010725000120020926000600022130000270028150001630030865300780047165300890054965300600063865300330069865300360073165300610076765300490082865300330087765300620091065300350097265300840100720240416133742.0100930t2007||||ag a f |||| 001 0 spa d a9789500604451 aspa1 aSiegelman, Evan S. aResonancia magnética. bTórax, abdomen y pelvis. Aplicaciones clínicas /cEvan S. Siegelman a1a ed.  aBuenos Aires: bEditorial Médica Panamericana;c2007. a588 p.bil.c28x20 cm. aSiegelman, E. S. (2007). Resonancia magnética. Tórax, abdomen y pelvis. Aplicaciones clínicas. (1a ed.). Buenos Aires : Editorial Médica Panamericana. aTécnicas de resonancia magnética y resonancia magnética de hígado aResonancia magnética de los conductos biliares, la vesicula biliar y el páncreas aResonancia magnética de las glándulas suprarrenales aResonancia magnética renal aResonancia magnética del bazo aResonancia magnética del retroperitoneo y el peritoneo aResonancia magnética de la pelvis femenina aResonancia magnética fetal aResonancia magnética de la pelvis masculina y la vejiga aResonancia magnética de mama aResonancia magnética y arteriografía por resonancia magnética de la aorta